00667 2200241 4500001002100000005001500021035002000036007000300056008004100059020001900100082000800119084001400127100001000141245012100151250001000272260004100282300002800323650003200351990001000383990001100393990001000404990001100414INLIS00000000000032520220914015617 a0010-0917000311ta220914 g 0 ind  a9786020-822167 a297 a297 HAM l0 aHamka1 aLembaga Budi :bMenegakkan Budi, Membangun Jati Diri Berdasarkan Tuntunan Al Qur'an dan Sunnah Nabi /cProf Dr Hamka aCet.2 aJakarta :bRepublika Penerbit,c2016 a206 hlm ;c13,5 x 20 cm 4aIslam Sebagai Pedoman Hidup a15736 a15736a a15736 a15736a